| 000 | 01978 a2200241 4500 | ||
|---|---|---|---|
| 003 | UA-OsUOA | ||
| 005 | 20230504161406.0 | ||
| 008 | 200408b un ||||| |||| 00| 0 ukr d | ||
| 020 | _a9786171204805 | ||
| 040 |
_aUA-OsUOA _bukr _cUA-OsUOA _dUA-OsUOA |
||
| 041 | _aukr | ||
| 080 | _a159.9 | ||
| 090 |
_a159.9 _bВ 16 |
||
| 100 | _aВальдшмідт Д. | ||
| 245 |
_aВийди за межі. Забудь про успіх — стань видатним! _cДен Вальдшмідт |
||
| 260 |
_bКлуб Сімейного Дозвілля _c2016 _aХарків |
||
| 300 |
_a192 с. _eіл. |
||
| 520 | _aЦя книжка для тих: • хто хоче досягти видатних успіхів у будь-чому • хто шукає натхнення та свіжого погляду на життя • хто прагне змін Став цілі! Будь стійким! Багато працюй! І не здавайся, поки не досягнеш мети! Це типові поради, які дають тим, хто хоче досягти успіху. Забудь про це! Такі поради не працюють! Автор книжки проаналізував понад 1 000 історій людей, які досягли видатних результатів у бізнесі, науці, політиці, спорті, і зрозумів – усі вони мають спільні риси. Замість того щоб вчити, як «досягти» успіху, він навчить, як «бути» успішним. Ця книжка відкриває істини, які ви не знайдете у жодному іншому виданні. | ||
| 650 |
_2UDC _a159.9 Психологія |
||
| 942 |
_cBK _2udc |
||
| 955 | _a3 | ||
| 999 |
_c458781 _d458781 |
||